Vzdelávanie riaditeľov škôl v Slovenskej republike a vo vybraných krajinách Európskej únie

Vzdelávanie riaditeľov na Slovensku a v zahraničí. Ďalšie vzdelávanie a rozvíjanie vedomostí a zručností v riadiacej práci. Charakter ďalšieho vzdelávania, študijné skupiny, využívanie informačných a komunikačných technológií. Zmeny v riadení vzdelávania.

Guardado en:
Detalles Bibliográficos
Autor principal: Šimková, Zuzana
Formato: Capítulo de libro
Lenguaje:eslovaco
Materias:
Etiquetas: Agregar Etiqueta
Sin Etiquetas, Sea el primero en etiquetar este registro!

MARC

LEADER 00000naa$a2200000$$$4500
001 0100745
005 20231010125110.2
041 0 |a slo 
044 |a SK 
245 1 0 |a Vzdelávanie riaditeľov škôl v Slovenskej republike a vo vybraných krajinách Európskej únie  |c Zuzana Šimková 
520 |a Vzdelávanie riaditeľov na Slovensku a v zahraničí. Ďalšie vzdelávanie a rozvíjanie vedomostí a zručností v riadiacej práci. Charakter ďalšieho vzdelávania, študijné skupiny, využívanie informačných a komunikačných technológií. Zmeny v riadení vzdelávania. 
610 2 0 |a školstvo 
610 2 0 |a vzdelávanie ďalšie 
610 2 0 |a vedomosti 
610 2 0 |a Slovensko 
610 2 0 |a Taliansko 
610 2 0 |a Veľká Británia 
610 2 0 |a Česko 
610 2 0 |a technológie informačné 
610 2 0 |a riaditelia 
610 2 0 |a Európska únia 
100 1 |a Šimková, Zuzana